000 00365pab a2200145 454500
008 180718b1988 xxu||||| |||| 00| 0 eng d
100 _aWadhwa, Kiran
245 _aHousing programmes for urban poor
_bShifting priorities
260 _c1988
300 _a1762-7
362 _a20 Aug.
650 _aHousing
773 _aEconomic and Political Weekly
909 _a9847
999 _c9847
_d9847